| 000 | 00926nam a22002417a 4500 | ||
|---|---|---|---|
| 003 | BD-DhUL | ||
| 005 | 20170516195300.0 | ||
| 008 | 160120s2003 ii |||| |||| 00| 0 ben | ||
| 020 | _a8185971080 | ||
| 040 |
_aBD-DhUL _cBD-DhUL |
||
| 082 |
_a294.363 _bBHG |
||
| 100 | 1 | _aভট্টাচার্য, সুকুমারী | |
| 245 | 1 | 0 |
_aগৌতম বুদ্ধ / _c _bসুকুমারী ভট্টাচার্য |
| 260 |
_aকলকাতা : _bনয়া উদ্যোগ, _c২০০৩। |
||
| 300 |
_a[২], ২৪ পৃ. : _c২৪ সেমি. _bচিত্র ; |
||
| 600 | 1 |
_aগৌতম বুদ্ধ _xজীবনী। |
|
| 600 | 1 |
_aGautam Buddha _xBiography. |
|
| 650 | 0 |
_xইতিহাস। _aভারত |
|
| 650 | 0 | _aহিন্দু ধর্ম - ইতিহাস | |
| 650 | 0 |
_xhistory. _aIndian |
|
| 650 | 0 |
_aHindu religion _xhistory. |
|
| 942 |
_2ddc _cBK |
||
| 999 |
_c198087 _d198087 |
||